00911nam a2200241 a 4500001001000000003000500010005001700015008004100032010001100073011001100084040000900095100002700104245013900131260004100270500006000311502010900371650001900480650002000499650001900519650002200538650003900560856007000599000111984CHAP20220329144240.0151112s2015 mx a fsm |||||||spa d a108445 a109417 cCHAP1 aPérez Ruiz, Yusdivia10aBiodiversidad de hongos asociados a semilla de haba (Vicia faba) en variedades de México /h[En línea]cpor Yusdivia Pérez Ruiz. aChapingo, Méx. :bEl autor,c2015. aPara ver el contenido del material haga clic en la liga aTesis (Ing. Agr. Esp. en Parasitología Agrícola) -- UACH. Departamento de Parasitología Agrícola14aBiodiversidad.14aHabaxMéxico.14aHabaxSemilla.14aHabaxVariedades.14aSemillasxEnfermedades por hongos. aFinding aiduhttp://10.13.5.2/tesis/sist111984.pdfzTeclea aquí